000 00693nam a2200217Ia 4500
003 OSt
005 20251009151540.0
008 220923b |||||||| |||| 00| 0 eng d
037 _cReference
040 _aRTL
_cRTL
_beng
041 _2eng
_aeng
084 _aV44Q7.N81, N3/SC
_qRTL
100 _aKing, John.
_9236160
245 0 _aPakistan: a travel survival kit.
260 _aAustralia
_bLonely Planet Publications
_c1993
300 _a416 p.
_ccm.
_bIncludes bibliographical references and index.
500 _aGlossary: 408-409p.
700 _a Vincent, David st.
_9236161
_eCoauthor
942 _hV44Q7.N81, N3/sc
_cREF
_2CC
_n0
999 _c479554
_d479554